000 00595nam a2200181Ia 4500
003 GCL
008 140319s9999 xx 000 0 ara d
040 _aGCL /
_cGCL
082 0 4 _a813.01
_bص م
100 1 _aصلاح عبدالصبور
245 1 0 _aمسافرين: ليلى والمجنون الاميرة تنتظر: بعد ان يموت الملك مأساه الحلاج /
_cصلاح عبدالصبور
300 _a39 ص
490 _a100 قصة
_v0
650 0 4 _aالشعر العربى
650 0 4 _aالادب العربى
650 0 4 _aالعصر الحديث
942 _2ddc
_cBK
999 _c45373
_d45373